00478nam a2200193 a 4500001001300000003000900013005001700022008004100039020001000080082001500090100002600105245002100131260003800152300000900190500003500199505001300234650001100247700002600258nice12345678IN_TiNIC20260116011841.0050524s1892 raia grp 000 0 per  ac10000a297.4bGWA aGwaliori, Mohd Ghouse aAwraad-E-Ghousia aRaichurbSibghatullah Pressc1892 a116p aincludes index and biblioraphy2 a8 tracts aSufism1 aGwaliori, Mohd Ghouse